| 000 | 00906nam0a22002651 4500 | ||
|---|---|---|---|
| 001 | rc\3984500 | ||
| 005 | 20130415122354.5 | ||
| 021 |
_aRU _b[56-55094] |
||
| 035 | _a(NLR Aleph) 008063298 | ||
| 090 |
_a9016574 _c9016574 |
||
| 100 | _a20130415d1956 |||y0rusy50 ca | ||
| 101 | 0 | _arus | |
| 102 | _aRU | ||
| 105 | _aa z ||||| | ||
| 200 | 1 |
_aМорская капуста _fСахалинское обл. упр. по делам рыболовецких колхозов и МРС. Сахалинское отд-ние ТИНРО |
|
| 210 |
_a[Южно-Сахалинск] _cГаз. "Сов. Сахалин" _d1956 |
||
| 215 |
_a32 с. _cил. _d19 |
||
| 606 |
_aМорская капуста _2psbo |
||
| 700 | 1 |
_aСарочан _bВ. Ф. |
|
| 701 | 1 |
_aМеньшутина _bЛ. М. |
|
| 801 | 0 |
_aRU _bNLR _gpsbo |
|
| 801 | 1 |
_aRU _bELAR _2rusmarc |
|
| 852 |
_aNLR _jС90 Г-4/4305 |
||
| 942 | _cBOOK | ||
| 980 | _aNB | ||